000 01136nam a2200301Ia 4500
001 ebr10547159
003 CaPaEBR
006 m u
007 cr cn|||||||||
008 120420s2012 enka s 001 0 eng d
020 _z9781849516884
020 _z9781849516891
040 _aCaPaEBR
_cCaPaEBR
035 _a(OCoLC)794488928
050 1 4 _aQA76.76.A63
_bW362 2012eb
100 1 _aWang, Rui.
245 1 0 _aOpenSceneGraph 3 cookbook
_h[electronic resource] /
_cRui Wang, Xuelei Qian.
260 _aBirmingham, U.K. :
_bPackt Pub.,
_c2012.
300 _a410 p. :
_bill.
500 _aIncludes index.
533 _aElectronic reproduction.
_bPalo Alto, Calif. :
_cebrary,
_d2011.
_nAvailable via World Wide Web.
_nAccess may be limited to ebrary affiliated libraries.
650 0 _aApplication program interfaces (Computer software)
650 0 _aVirtual reality
_xComputer programs.
655 7 _aElectronic books.
_2local
700 1 _aQian, Xuelei.
710 2 _aebrary, Inc.
856 4 0 _uhttp://site.ebrary.com/lib/rucke/Doc?id=10547159
_zAn electronic book accessible through the World Wide Web; click to view
999 _c136899
_d136899